Athletics Olympics Gold Medalists: name 1 Athlete for each Event - Statistics

General Stats
  • This quiz has been taken 417 times
  • The average score is 14 of 27
Answer Stats
GOLD MEDALISTS EVENT # medals % Correct
APPLEGARTH, William (1912 GBR) D'ARCY, Victor Henry Augustus (1912 GBR) JACOBS, David Henry (1912 GBR) MACKINTOSH, Henry Maitland (1912 GBR) KIRKSEY, Morris (1920 USA) MURCHISON, Loren (1920 USA) PADDOCK, Charles (1920 USA) SCHOLZ, Jackson (1920 USA) CLARKE, Louis Alfred (1924 USA) HUSSEY, Francis (1924 USA) LECONEY, Jeremiah Alfred (1924 USA) MURCHISON, Loren (1924 USA) BORAH, Charles Edward (1928 USA) COOK, Myrtle Alice (1928 CAN) QUINN, James F. (1928 USA) ROSENFELD, Fanny (1928 CAN) RUSSELL, Henry Argue (1928 USA) SMITH, Ethel M. (1928 CAN) THOMPSON, Jean (1928 CAN) WYKOFF, Frank Clifford (1928 USA) CAREW, Mary Louise (1932 USA) DYER, Hector Monroe (1932 USA) FURTSCH, Evelyn (1932 USA) KIESEL, Robert Allan (1932 USA) ROGERS, Annette Joan (1932 USA) TOPPINO, Martin Emmett (1932 USA) VON BREMEN, Wilhelmina (1932 USA) WYKOFF, Frank Clifford (1932 USA) BLAND, Harriett Claiborne (1936 USA) DRAPER, Foy (1936 USA) METCALFE, Ralph (1936 USA) OWENS, Jesse (1936 USA) ROBINSON, Elizabeth (1936 USA) ROGERS, Annette Joan (1936 USA) STEPHENS, Helen Herring (1936 USA) WYKOFF, Frank Clifford (1936 USA) BLANKERS-KOEN, Fanny (1948 NED) DILLARD, Harrison (1948 USA) EWELL, Harold Norwood (1948 USA) PATTON, Melvin Emery (1948 USA) STAD-DE JONG, Xenia (1948 NED) VAN DER KADE-KOUDIJS, Gerda Johanna Marie (1948 NED) WITZIERS-TIMMER, Jeannette Josephina Maria (1948 NED) WRIGHT, Lorenzo Christopher (1948 USA) DILLARD, Harrison (1952 USA) FAGGS, Mae Heriwentha (1952 USA) HARDY, Catherine (1952 USA) JONES, Barbara Pearl (1952 USA) MOREAU, Janet Theresa (1952 USA) REMIGINO, Lindy (1952 USA) SMITH, Finis Dean (1952 USA) STANFIELD, Andrew William (1952 USA) BAKER, Walter Thane (1956 USA) CROOKER-FLEMING, Norma Wilson (1956 AUS) CUTHBERT, Betty (1956 AUS) KING, Leamon (1956 USA) MELLOR-WENHAM, Fluer Northey (1956 AUS) MORROW, Robert Joseph (1956 USA) MURCHISON, Ira James (1956 USA) STRICKLAND-DE LA HUNTY, Shirley (1956 AUS) CULLMANN, Bernd (1960 EUA) HARY, Armin (1960 EUA) HUDSON, Martha B. (1960 USA) JONES, Barbara Pearl (1960 USA) LAUER, Martin (1960 EUA) MAHLENDORF, Walter (1960 EUA) RUDOLPH, Wilma (1960 USA) WILLIAMS, Lucinda (1960 USA) ASHWORTH, Gerald Howard (1964 USA) DRAYTON, Otis Paul (1964 USA) HAYES, Robert (1964 USA) HERRMANN-GORECKA-RICHTER, Halina (1964 POL) KLOBUKOWSKA, Ewa (1964 POL) STEBBINS, Richard Vaughn (1964 USA) SZEWINSKA, Irena (1964 POL) WIECZOREK-CIEPLY, Teresa Barbara (1964 POL) BAILES, Margaret Johnson (1968 USA) FERRELL, Barbara Ann (1968 USA) GREENE, Charles Edward (1968 USA) HINES, James Ray (1968 USA) NETTER, Mildrette (1968 USA) PENDER, Melvin Jr. (1968 USA) SMITH, Ronald Ray (1968 USA) TYUS, Wyomia (1968 USA) BECKER-MICKLER, Ingrid (1972 FRG) BLACK, Lawrence J. (1972 USA) HART, Edward James (1972 USA) KRAUSE, Christiane (1972 FRG) RICHTER-IRRGANG, Annegret (1972 FRG) ROSENDAHL, Heidemarie (1972 FRG) TAYLOR, Robert (1972 USA) TINKER, Gerald A. (1972 USA) BODENDORF, Carla (1976 GDR) ECKERT-WÖCKEL, Bärbel (1976 GDR) GLANCE, Harvey Edward (1976 USA) HAMPTON, Millard Frank Jr. (1976 USA) JONES, John Wesley (1976 USA) OELSNER-GÖHR, Marlies (1976 GDR) RIDDICK, Steven Earl (1976 USA) STECHER, Renate (1976 GDR) AKSININ, Aleksandr (1980 URS) AUERSWALD-LANGE, Ingrid (1980 GDR) ECKERT-WÖCKEL, Bärbel (1980 GDR) MÜLLER, Romy (1980 GDR) MURAVYOV, Vladimir (1980 URS) OELSNER-GÖHR, Marlies (1980 GDR) PROKOFIEV, Andrei (1980 URS) SIDOROV, Nikolai (1980 URS) ASHFORD, Evelyn (1984 USA) BOLDEN, Jeanette (1984 USA) BROWN, Alice Regina (1984 USA) BROWN, Ronald James (1984 USA) CHEESEBOROUGH, Chandra Danette (1984 USA) GRADDY, Samuel Louis (1984 USA) LEWIS, Carl (1984 USA) SMITH, Calvin (1984 USA) ASHFORD, Evelyn (1988 USA) BROWN, Alice Regina (1988 USA) BRYZGIN, Viktor (1988 URS) ECHOLS, Sheila (1988 USA) GRIFFITH-JOYNER, Florence (1988 USA) KRYLOV, Vladimir (1988 URS) MURAVYOV, Vladimir (1988 URS) SAVIN, Vitaly (1988 URS) ASHFORD, Evelyn (1992 USA) BURRELL, Leroy (1992 USA) FINN, Michelle (1992 USA) GUIDRY-WHITE, Carlette D. (1992 USA) JETT, James (1992 USA) JONES, Esther (1992 USA) LEWIS, Carl (1992 USA) MARSH, Michael (1992 USA) MITCHELL, Dennis (1992 USA) TORRENCE, Gwen (1992 USA) BAILEY, Donovan (1996 CAN) CHAMBERS, Carlton (1996 CAN) DEVERS, Gail (1996 USA) ESMIE, Robert (1996 CAN) GAINES, Chryste (1996 USA) GILBERT, Glenroy (1996 CAN) GUIDRY-WHITE, Carlette D. (1996 USA) MILLER, Inger (1996 USA) SURIN, Bruny (1996 CAN) TORRENCE, Gwen (1996 USA) BROKENBURR, Kenneth (2000 USA) DAVIS, Pauline Elaine (2000 BAH) DRUMMOND, Jon (2000 USA) FERGUSON-MCKENZIE, Debbie (2000 BAH) FYNES, Sevatheda (2000 BAH) GREENE, Maurice (2000 USA) LEWIS, Brian (2000 USA) LEWIS, Eldice (2000 BAH) MONTGOMERY, Tim (2000 USA) STURRUP, Chandra (2000 BAH) WILLIAMS III, Bernard (2000 USA) BAILEY, Aleen (2004 JAM) CAMPBELL, Darren (2004 GBR) CAMPBELL-BROWN, Veronica (2004 JAM) DEVONISH, Marlon (2004 GBR) GARDENER, Jason (2004 GBR) LAWRENCE, Tanya (2004 JAM) LEWIS-FRANCIS, Mark (2004 GBR) MCDONALD, Beverly (2004 JAM) SIMPSON, Sherone (2004 JAM) BOLT, Usain (2008 JAM) CARTER, Nesta (2008 JAM) CHERMOSHANSKAYA, Yuliya (2008 RUS) FEDORIVA, Aleksandra (2008 RUS) FRATER, Michael (2008 JAM) GUSHCHINA, Yulia (2008 RUS) POLYAKOVA, Evgeniya (2008 RUS) POWELL, Asafa (2008 JAM) 4x100m Relay 172
100%
BURKE, Thomas (1896 USA) JARVIS, Francis (1900 USA) HAHN, Archie (1904 USA) WALKER, Reginald (1908 RSA) CRAIG, Ralph (1912 USA) PADDOCK, Charles (1920 USA) ABRAHAMS, Harold (1924 GBR) ROBINSON, Elizabeth (1928 USA) WILLIAMS, Percy (1928 CAN) TOLAN, Eddie (1932 USA) WALASIEWICZ, Stanislawa (1932 POL) OWENS, Jesse (1936 USA) STEPHENS, Helen Herring (1936 USA) BLANKERS-KOEN, Fanny (1948 NED) DILLARD, Harrison (1948 USA) JACKSON, Marjorie (1952 AUS) REMIGINO, Lindy (1952 USA) CUTHBERT, Betty (1956 AUS) MORROW, Robert Joseph (1956 USA) HARY, Armin (1960 EUA) RUDOLPH, Wilma (1960 USA) HAYES, Robert (1964 USA) TYUS, Wyomia (1964 USA) HINES, James Ray (1968 USA) TYUS, Wyomia (1968 USA) BORZOV, Valery (1972 URS) STECHER, Renate (1972 GDR) CRAWFORD, Hasely (1976 TRI) RICHTER-IRRGANG, Annegret (1976 FRG) KONDRATIEVA, Liudmila (1980 URS) WELLS, Allan (1980 GBR) ASHFORD, Evelyn (1984 USA) LEWIS, Carl (1984 USA) GRIFFITH-JOYNER, Florence (1988 USA) LEWIS, Carl (1988 USA) CHRISTIE, Linford (1992 GBR) DEVERS, Gail (1992 USA) BAILEY, Donovan (1996 CAN) DEVERS, Gail (1996 USA) GREENE, Maurice (2000 USA) GATLIN, Justin (2004 USA) NESTERENKO, Yuliya (2004 BLR) BOLT, Usain (2008 JAM) FRASER, Shelly-ann (2008 JAM) 100m 44
100%
TEWKSBURY, Walter B. John (1900 USA) HAHN, Archie (1904 USA) KERR, Robert (1908 CAN) CRAIG, Ralph (1912 USA) WOODRING, Allen (1920 USA) SCHOLZ, Jackson (1924 USA) WILLIAMS, Percy (1928 CAN) TOLAN, Eddie (1932 USA) OWENS, Jesse (1936 USA) BLANKERS-KOEN, Fanny (1948 NED) PATTON, Melvin Emery (1948 USA) JACKSON, Marjorie (1952 AUS) STANFIELD, Andrew William (1952 USA) CUTHBERT, Betty (1956 AUS) MORROW, Robert Joseph (1956 USA) BERRUTI, Livio (1960 ITA) RUDOLPH, Wilma (1960 USA) CARR, Henry (1964 USA) MCGUIRE, Edith Marie (1964 USA) SMITH, Thomas C. (1968 USA) SZEWINSKA, Irena (1968 POL) BORZOV, Valery (1972 URS) STECHER, Renate (1972 GDR) ECKERT-WÖCKEL, Bärbel (1976 GDR) QUARRIE, Donald (1976 JAM) ECKERT-WÖCKEL, Bärbel (1980 GDR) MENNEA, Pietro (1980 ITA) BRISCO-HOOKS, Valerie Ann (1984 USA) LEWIS, Carl (1984 USA) DELOACH, Joseph Nathaniel Jr. (1988 USA) GRIFFITH-JOYNER, Florence (1988 USA) MARSH, Michael (1992 USA) TORRENCE, Gwen (1992 USA) JOHNSON, Michael (1996 USA) PEREC, Marie-Jose (1996 FRA) DAVIS, Pauline Elaine (2000 BAH) KENTERIS, Konstantinos (2000 GRE) CAMPBELL-BROWN, Veronica (2004 JAM) CRAWFORD, Shawn (2004 USA) BOLT, Usain (2008 JAM) CAMPBELL-BROWN, Veronica (2008 JAM) 200m 41
99%
CARTMELL, John Nathaniel (1908 USA) HAMILTON, William Frank (1908 USA) SHEPPARD, Melvin (1908 USA) TAYLOR, John Baxter (1908 USA) LINDBERG, Edward F. (1912 USA) MEREDITH, James Edwin (1912 USA) REIDPATH, Charles Decker (1912 USA) SHEPPARD, Melvin (1912 USA) AINSWORTH-DAVIS, John Creyghton (1920 GBR) BUTLER, Guy Montagu (1920 GBR) GRIFFITHS, Cecil Richmond (1920 GBR) LINDSAY, Robert Alexander (1920 GBR) COCHRANE, Commodore (1924 USA) HELFFRICH, Alan (1924 USA) MACDONALD, J. Oliver (1924 USA) STEPHENSON, William (1924 USA) ALDERMAN, Frederick Pitt (1928 USA) BAIRD, George Hetzel (1928 USA) BARBUTI, Raymond James (1928 USA) SPENCER, Emerson Lane (1928 USA) ABLOWICH, Edgar Allen (1932 USA) CARR, William Arthur (1932 USA) FUQUA, Ivan William (1932 USA) WARNER, Karl De Witt (1932 USA) BROWN, Arthur Godfrey Kilner (1936 GBR) RAMPLING, Godfrey Lionel (1936 GBR) ROBERTS, William (1936 GBR) WOLFF, Frederick Ferdinand (1936 GBR) BOURLAND, Clifford Frederick (1948 USA) COCHRAN, Roy Braxton (1948 USA) HARNDEN, Arthur Harold (1948 USA) WHITFIELD, Malvin Groston (1948 USA) LAING, Leslie (1952 JAM) MCKENLEY, Herbert (1952 JAM) RHODEN, Vincent George (1952 JAM) WINT, Arthur (1952 JAM) COURTNEY, Thomas William (1956 USA) JENKINS, Charles Lamont (1956 USA) JONES, Louis Woodard III (1956 USA) MASHBURN, Jesse William (1956 USA) DAVIS, Glenn Ashby (1960 USA) DAVIS, Otis Crandall (1960 USA) YERMAN, John Lloyd (1960 USA) YOUNG, Earl Verdelle (1960 USA) CARR, Henry (1964 USA) CASSELL, Ollan Conley (1964 USA) LARRABEE, Michael Denny (1964 USA) WILLIAMS, Ulis C. (1964 USA) EVANS, Lee Edward (1968 USA) FREEMAN, Ronald John III (1968 USA) JAMES, George Lawrence (1968 USA) MATTHEWS, Vincent Edward (1968 USA) ASATI, Charles (1972 KEN) KÄSLING, Dagmar (1972 GDR) KÜHNE, Rita (1972 GDR) NYAMAU, Hezekiah Munyoro (1972 KEN) OUKO, Robert (1972 KEN) SANG, Julius (1972 KEN) SEIDLER, Helga (1972 GDR) ZEHRT, Monika (1972 GDR) BREHMER-LATHAN, Christina (1976 GDR) BROWN, Benjamin Gene (1976 USA) FRAZIER, Herman Ronald (1976 USA) MALETZKI, Doris (1976 GDR) NEWHOUSE, Frederick Vaughn (1976 USA) PARKS, Maxwell Lander (1976 USA) ROHDE, Brigitte (1976 GDR) STROPAHL-STREIDT, Ellen (1976 GDR) CHERNETSKI, Nikolai (1980 URS) GOISHCHIK, Tatiana (1980 URS) LINGE, Mikhail (1980 URS) MARKIN, Viktor (1980 URS) NAZAROVA, Irina (1980 URS) PROROCHENKO, Tatiana (1980 URS) VALIULIS, Remigius (1980 URS) ZIUSKOVA, Nina (1980 URS) ARMSTEAD, Raymond (1984 USA) BABERS, Alonzo C. (1984 USA) BRISCO-HOOKS, Valerie Ann (1984 USA) CHEESEBOROUGH, Chandra Danette (1984 USA) HOWARD, Sherryl Frances (1984 USA) LEATHERWOOD-KING, Lillie Mae (1984 USA) MCKAY, Antonio Ricardo (1984 USA) NIX, Sunder L. (1984 USA) BRYZGINA, Olga (1988 URS) EVERETT, Daniel (1988 USA) LEDOVSKAYA, Tatiana (1988 URS) LEWIS, Steve (1988 USA) NAZAROVA, Olga (1988 URS) PINIGINA, Mariya (1988 URS) REYNOLDS, Harry Butch . (1988 USA) ROBINZINE, Kevin Bernard (1988 USA) BRYZGINA, Olga (1992 EUN) CHMONINA, Marina (1992 EUN) DJIGALOVA, Lioudmila (1992 EUN) HALL, Darnell (1992 USA) JENKINS, Charles L. (1992 USA) JOHNSON, Michael (1992 USA) LEWIS, Steve (1992 USA) NAZAROVA, Olga (1992 EUN) NURUTDINOVA, Lilia (1992 EUN) ROUZINA, Yelena (1992 EUN) VALMON, Andrew (1992 USA) WATTS, Quincy (1992 USA) GRAHAM, Kim (1996 USA) HARRISON, Alvin (1996 USA) MALONE, Maicel (1996 USA) MAYBANK, Anthuan (1996 USA) MILES, Jearl (1996 USA) MILLS, Derek (1996 USA) ROUSER, Jason (1996 USA) SMITH, Lamont (1996 USA) STEVENS, Rochelle (1996 USA) WILSON, Linetta (1996 USA) ANDERSON, Andrea (2000 USA) COLANDER, LaTasha (2000 USA) HENNAGAN, Monique (2000 USA) MILES, Jearl (2000 USA) BREW, Derrick (2004 USA) COX, Crystal (2004 USA) HARRIS, Otis (2004 USA) HENDERSON, Monique (2004 USA) HENNAGAN, Monique (2004 USA) RICHARDS, Sanya (2004 USA) ROBINSON, Moushaumi (2004 USA) TROTTER, Deedee (2004 USA) WARINER, Jeremy (2004 USA) WILLIAMSON, Darold (2004 USA) WILLIE, Kelly (2004 USA) FELIX, Allyson (2008 USA) HENDERSON, Monique (2008 USA) MERRITT, LaShawn (2008 USA) NEVILLE, David (2008 USA) RICHARDS, Sanya (2008 USA) TAYLOR, Angelo (2008 USA) WARINER, Jeremy (2008 USA) WINEBERG, Mary (2008 USA) 4x400m Relay 137
83%
BURKE, Thomas (1896 USA) LONG, Maxwell W.Maxey (1900 USA) HILLMAN, Harry (1904 USA) HALSWELLE, Wyndham (1908 GBR) REIDPATH, Charles Decker (1912 USA) RUDD, Bevil Gordon D'Urban (1920 RSA) LIDDELL, Eric Henry (1924 GBR) BARBUTI, Raymond James (1928 USA) CARR, William Arthur (1932 USA) WILLIAMS, Archibald Franklin (1936 USA) WINT, Arthur (1948 JAM) RHODEN, Vincent George (1952 JAM) JENKINS, Charles Lamont (1956 USA) DAVIS, Otis Crandall (1960 USA) CUTHBERT, Betty (1964 AUS) LARRABEE, Michael Denny (1964 USA) BESSON, Colette (1968 FRA) EVANS, Lee Edward (1968 USA) MATTHEWS, Vincent Edward (1972 USA) ZEHRT, Monika (1972 GDR) JUANTORENA, Alberto (1976 CUB) SZEWINSKA, Irena (1976 POL) KOCH, Marita (1980 GDR) MARKIN, Viktor (1980 URS) BABERS, Alonzo C. (1984 USA) BRISCO-HOOKS, Valerie Ann (1984 USA) BRYZGINA, Olga (1988 URS) LEWIS, Steve (1988 USA) PEREC, Marie-Jose (1992 FRA) WATTS, Quincy (1992 USA) JOHNSON, Michael (1996 USA) PEREC, Marie-Jose (1996 FRA) FREEMAN, Cathy (2000 AUS) JOHNSON, Michael (2000 USA) WARINER, Jeremy (2004 USA) WILLIAMS-DARLING, Tonique (2004 BAH) MERRITT, LaShawn (2008 USA) OHURUOGU, Christine (2008 GBR) 400m 38
79%
CLARK, Ellery (1896 USA) BAXTER, Irving (1900 USA) JONES, Samuel (1904 USA) PORTER, Harry Franklin (1908 USA) RICHARDS, Alma Wilfred (1912 USA) LANDON, Richmond (1920 USA) OSBORN, Harold Marion (1924 USA) CATHERWOOD, Ethel (1928 CAN) KING, Robert Wade (1928 USA) MCNAUGHTON, Duncan (1932 CAN) SHILEY, Jean (1932 USA) CSAK, Ibolya (1936 HUN) JOHNSON, Cornelius Cooper (1936 USA) COACHMAN, Alice Marie (1948 USA) WINTER, John (1948 AUS) BRAND, Esther Cornelia (1952 RSA) DAVIS, Walter Francis (1952 USA) DUMAS, Charles Everett (1956 USA) MCDANIEL, Mildred Louise (1956 USA) BALAS, Iolanda (1960 ROU) SHAVLAKADZE, Robert (1960 URS) BALAS, Iolanda (1964 ROU) BRUMEL, Valeri (1964 URS) FOSBURY, Richard Douglas (1968 USA) REZKOVA-HUBNER, Miloslava (1968 TCH) MEYFARTH, Ulrike (1972 FRG) TARMAK, Yuri (1972 URS) WITSCHAS-ACKERMANN, Rosemarie (1976 GDR) WSZOLA, Jacek (1976 POL) SIMEONI, Sara (1980 ITA) WESSIG, Gerd (1980 GDR) MEYFARTH, Ulrike (1984 FRG) MÖGENBURG, Dietmar (1984 FRG) AVDEENKO, Gennadi (1988 URS) RITTER, Dorothy Louise (1988 USA) HENKEL, Heike (1992 GER) SOTOMAYOR, Javier (1992 CUB) AUSTIN, Charles (1996 USA) KOSTADINOVA, Stefka (1996 BUL) KLIUGIN, Sergey (2000 RUS) YELESINA, Yelena (2000 RUS) HOLM, Stefan (2004 SWE) SLESARENKO, Elena (2004 RUS) HELLEBAUT, Tia (2008 BEL) SILNOV, Andrey (2008 RUS) High Jump 45
76%
KIELY, Thomas Francis (1904 GBR) THORPE, Jim (1912 USA) WIESLANDER, Hugo K. (1912 SWE) LÖVLAND, Helge Andreas (1920 NOR) OSBORN, Harold Marion (1924 USA) YRJÖLÄ, Paavo Ilmari (1928 FIN) BAUSCH, James Aloysius Bernard (1932 USA) MORRIS, Glenn Edward (1936 USA) MATHIAS, Robert (1948 USA) MATHIAS, Robert (1952 USA) CAMPBELL, Milton Gray (1956 USA) JOHNSON, Rafer Lewis (1960 USA) HOLDORF, Willi (1964 EUA) TOOMEY, William Anthony (1968 USA) AVILOV, Nikolai (1972 URS) JENNER, William Bruce (1976 USA) THOMPSON, Daley (1980 GBR) THOMPSON, Daley (1984 GBR) SCHENK, Christian (1988 GDR) ZMELIK, Robert (1992 TCH) O'BRIEN, Dan (1996 USA) NOOL, Erki (2000 EST) SEBRLE, Roman (2004 CZE) CLAY, Bryan (2008 USA) Decathlon 24
70%
CURTIS, Thomas (1896 USA) KRAENZLEIN, Alvin (1900 USA) SCHULE, Frederick (1904 USA) SMITHSON, Forrest (1908 USA) KELLY, Frederick (1912 USA) THOMSON, Earl (1920 CAN) KINSEY, Daniel (1924 USA) ATKINSON, Sidney (1928 RSA) SALING, George J. Jr. (1932 USA) TOWNS, Forrest Grady (1936 USA) PORTER, William Franklin III (1948 USA) DILLARD, Harrison (1952 USA) CALHOUN, Lee (1956 USA) CALHOUN, Lee (1960 USA) JONES, Hayes (1964 USA) DAVENPORT, Willie (1968 USA) MILBURN, Rodney Jr. (1972 USA) DRUT, Guy (1976 FRA) MUNKELT, Thomas (1980 GDR) KINGDOM, Roger (1984 USA) KINGDOM, Roger (1988 USA) MCKOY, Mark (1992 CAN) JOHNSON, Allen (1996 USA) GARCIA, Anier (2000 CUB) LIU, Xiang (2004 CHN) ROBLES, Dayron (2008 CUB) 110m hurdles 26
65%
CLARK, Ellery (1896 USA) KRAENZLEIN, Alvin (1900 USA) PRINSTEIN, Meyer (1904 USA) IRONS, Francis C. (1908 USA) GUTTERSON, Albert Lovejoy (1912 USA) PETERSSON, R. William E. (1920 SWE) HUBBARD, William De Hart (1924 USA) HAMM, Edward Barton (1928 USA) GORDON, Edward Lansing (1932 USA) OWENS, Jesse (1936 USA) GYARMATI, Olga (1948 HUN) STEELE, William Samuel (1948 USA) BIFFLE, Jerome Cousins (1952 USA) WILLIAMS, Yvette Winefred (1952 NZL) BELL, Gregory Curtis (1956 USA) DUNSKA-KRZESINSKA, Elzbieta (1956 POL) BOSTON, Ralph Harold (1960 USA) KOLASHNIKOVA-KREPKINA, Vera (1960 URS) BIGNAL-RAND, Mary Denise (1964 GBR) DAVIES, Lynn (1964 GBR) BEAMON, Bob (1968 USA) VISCOPOLEANU, Viorica (1968 ROU) ROSENDAHL, Heidemarie (1972 FRG) WILLIAMS, Randel Luvelle (1972 USA) ROBINSON, Arnie (1976 USA) VOIGT, Angela (1976 GDR) DOMBROWSKI, Lutz (1980 GDR) KOLPAKOVA, Tatiana (1980 URS) CUSMIR-STANCIU, Anisoara (1984 ROU) LEWIS, Carl (1984 USA) JOYNER-KERSEE, Jackie (1988 USA) LEWIS, Carl (1988 USA) DRECHSLER, Heike (1992 GER) LEWIS, Carl (1992 USA) AJUNWA, Chioma (1996 NGR) LEWIS, Carl (1996 USA) DRECHSLER, Heike (2000 GER) PEDROSO, Ivan (2000 CUB) LEBEDEVA, Tatyana (2004 RUS) PHILLIPS, Dwight (2004 USA) MAGGI, Maurren Higa (2008 BRA) SALADINO ARANDA, Irving Jahir (2008 PAN) Long Jump 42
65%
HOYT, William Welles (1896 USA) BAXTER, Irving (1900 USA) DVORAK, Charles (1904 USA) COOKE, Edward Tiffin (1908 USA) GILBERT, Alfred Carleten (1908 USA) BABCOCK, Harry Stoddard (1912 USA) FOSS, Frank (1920 USA) BARNES, Lee (1924 USA) CARR, Sabin William (1928 USA) MILLER, William Waring (1932 USA) MEADOWS, Earle Elmer (1936 USA) SMITH, Owen Guinn (1948 USA) RICHARDS, Robert (1952 USA) RICHARDS, Robert (1956 USA) BRAGG, Donald George (1960 USA) HANSEN, Frederick Morgan (1964 USA) SEAGREN, Robert Lloyd (1968 USA) NORDWIG, Wolfgang (1972 GDR) SLUSARSKI, Tadeusz (1976 POL) KOZAKIEWICZ, Wladyslaw (1980 POL) QUINON, Pierre (1984 FRA) BUBKA, Sergey (1988 URS) TARASOV, Maksim (1992 EUN) GALFIONE, Jean (1996 FRA) DRAGILA, Stacy (2000 USA) HYSONG, Nick (2000 USA) ISINBAEVA, Elena (2004 RUS) MACK, Timothy (2004 USA) HOOKER, Steve (2008 AUS) ISINBAEVA, Elena (2008 RUS) Pole Vault 30
63%
GARRETT, Robert (1896 USA) SHELDON, Richard (1900 USA) ROSE, Ralph (1904 USA) ROSE, Ralph (1908 USA) MCDONALD, Patrick (1912 USA) PÖRHÖLÄ, Frans Wilhelmi (1920 FIN) HOUSER, Lemuel Clarence (1924 USA) KUCK, John H. (1928 USA) SEXTON, Leo Joseph (1932 USA) WOELLKE, Hans (1936 GER) OSTERMEYER, Micheline (1948 FRA) THOMPSON, Wilbur Marvin (1948 USA) O, William Patrick Jr. (1952 USA) ZYBINA, Galina (1952 URS) O, William Patrick Jr. (1956 USA) TYSHKEVICH, Tamara (1956 URS) NIEDER, William Henry (1960 USA) PRESS, Tamara (1960 URS) LONG, Dallas Crutcher III (1964 USA) PRESS, Tamara (1964 URS) HELMBOLD-GUMMEL, Margitta (1968 GDR) MATSON, James Randel (1968 USA) CHIZHOVA, Nadezhda (1972 URS) KOMAR, Wladyslaw (1972 POL) BEYER, Udo (1976 GDR) CHRISTOVA-TODOROVA, Ivanka Mikailova (1976 BUL) KISELEV, Vladimir (1980 URS) SCHOKNECHT-SLUPIANEK, Ilona (1980 GDR) ANDREI, Alessandro (1984 ITA) LOSCH, Claudia (1984 FRG) LISOVSKAYA, Natalya (1988 URS) TIMMERMANN, Ulf (1988 GDR) KRIVELYOVA, Svetlana (1992 EUN) STULCE, Michael D. (1992 USA) BARNES, Eric Randolph (1996 USA) KUMBERNUSS, Astrid (1996 GER) HARJU, Arsi (2000 FIN) KAROLCHIK, Yanina (2000 BLR) BILONOG, Yuriy (2004 UKR) CUMBA, Yumileidi (2004 CUB) MAJEWSKI, Tomasz (2008 POL) VILI, Valerie (2008 NZL) Shot Put 42
58%
CONNOLLY, James (1896 USA) PRINSTEIN, Meyer (1900 USA) PRINSTEIN, Meyer (1904 USA) AHEARNE, Timoty J. (1908 GBR) LINDBLOM, Gustav (1912 SWE) TUULOS, Vilho Immanuel (1920 FIN) WINTER, Anthony William (1924 AUS) ODA, Mikio (1928 JPN) NAMBU, Chuhei (1932 JPN) TAJIMA, Naoto (1936 JPN) AHMAN, Arne (1948 SWE) FERREIRA DA SILVA, Adhemar (1952 BRA) FERREIRA DA SILVA, Adhemar (1956 BRA) SCHMIDT, Jozef (1960 POL) SCHMIDT, Jozef (1964 POL) SANEEV, Viktor (1968 URS) SANEEV, Viktor (1972 URS) SANEEV, Viktor (1976 URS) UUDMAE, Yaak (1980 URS) JOYNER, Alfredrick Alphonzo (1984 USA) MARKOV, Kristo Gantchev (1988 BUL) CONLEY, Mike (1992 USA) HARRISON, Kenny (1996 USA) KRAVETS, Inessa (1996 UKR) EDWARDS, Jonathan David (2000 GBR) MARINOVA, Tereza (2000 BUL) MBANGO ETONE, Francoise (2004 CMR) OLSSON, Christian (2004 SWE) EVORA, Nelson (2008 POR) MBANGO ETONE, Francoise (2008 CMR) Triple Jump 30
57%
FLACK, Edwin (1896 AUS) BENNETT, Charles (1900 GBR) LIGHTBODY, James (1904 USA) SHEPPARD, Melvin (1908 USA) JACKSON, Arnold (1912 GBR) HILL, Albert (1920 GBR) NURMI, Paavo (1924 FIN) LARVA, Harri Edvin (1928 FIN) BECCALI, Luigi (1932 ITA) LOVELOCK, John (1936 NZL) ERIKSSON, Henry (1948 SWE) BARTHEL, Joseph (1952 LUX) DELANY, Ronald Michael (1956 IRL) ELLIOTT, Herbert (1960 AUS) SNELL, Peter (1964 NZL) KEINO, Kipchoge (1968 KEN) BRAGINA, Lyudmila (1972 URS) VASALA, Pekka (1972 FIN) KAZANKINA, Tatiana (1976 URS) WALKER, John (1976 NZL) COE, Sebastian (1980 GBR) KAZANKINA, Tatiana (1980 URS) COE, Sebastian (1984 GBR) DORIO, Gabriella (1984 ITA) IVAN, Paula (1988 ROU) RONO, Peter (1988 KEN) BOULMERKA, Hassiba (1992 ALG) CACHO RUIZ, Fermin (1992 ESP) MASTERKOVA, Svetlana (1996 RUS) MORCELI, Nourredine (1996 ALG) MERAH-BENIDA, Nouria (2000 ALG) NGENYI, Noah Kiprono (2000 KEN) EL GUERROUJ, Hicham (2004 MAR) HOLMES, Kelly (2004 GBR) KIPROP, Asbel Kipruto (2008 KEN) LANGAT, Nancy jebet (2008 KEN) 1,500 m 36
57%
NUNN-SAUNDERS-CEARNS, Glyniss Leanne (1984 AUS) JOYNER-KERSEE, Jackie (1988 USA) JOYNER-KERSEE, Jackie (1992 USA) SHOUAA, Ghada (1996 SYR) LEWIS, Denise (2000 GBR) KLUFT, Carolina (2004 SWE) DOBRYNSKA, Nataliia (2008 UKR) Heptathlon 7
53%
TEWKSBURY, Walter B. John (1900 USA) HILLMAN, Harry (1904 USA) BACON, Charles Joseph (1908 USA) LOOMIS, Frank (1920 USA) TAYLOR, Frederick Morgan (1924 USA) BURGHLEY, David George (1928 GBR) TISDALL, Robert Morton Newburgh (1932 IRL) HARDIN, Glenn Foster (1936 USA) COCHRAN, Roy Braxton (1948 USA) MOORE, Charles Hewes Jr. (1952 USA) DAVIS, Glenn Ashby (1956 USA) DAVIS, Glenn Ashby (1960 USA) CAWLEY, Warren (Rex) Jay (1964 USA) HEMERY, David Peter (1968 GBR) AKII-BUA, John (1972 UGA) MOSES, Edwin (1976 USA) BECK, Volker (1980 GDR) EL MOUTAWAKEL, Nawal (1984 MAR) MOSES, Edwin (1984 USA) FLINTOFF-KING, Deborah (1988 AUS) PHILLIPS, Andre Lamar (1988 USA) GUNNELL, Sally Janet Jane (1992 GBR) YOUNG, Kevin Curtis (1992 USA) ADKINS, Derrick (1996 USA) HEMMINGS, Deon Marie (1996 JAM) PRIVALOVA, Irina (2000 RUS) TAYLOR, Angelo (2000 USA) CHALKIA, Fani (2004 GRE) SANCHEZ, Felix (2004 DOM) TAYLOR, Angelo (2008 USA) WALKER, Melaine (2008 JAM) 400m Hurdles 31
52%
KOLEHMAINEN, Hannes (1912 FIN) GUILLEMOT, Joseph (1920 FRA) NURMI, Paavo (1924 FIN) RITOLA, Ville (1928 FIN) LEHTINEN, Lauri Aleksanteri (1932 FIN) HÖCKERT, Gunnar (1936 FIN) REIFF, Gaston Etienne (1948 BEL) ZATOPEK, Emil (1952 TCH) KUTS, Vladimir (1956 URS) HALBERG, Murray Gordon (1960 NZL) SCHUL, Robert Keyser (1964 USA) GAMMOUDI, Mohamed (1968 TUN) VIREN, Lasse (1972 FIN) VIREN, Lasse (1976 FIN) YIFTER, Miruts (1980 ETH) AOUITA, Said (1984 MAR) NGUGI, John (1988 KEN) BAUMANN, Dieter (1992 GER) NIYONGABO, Venuste (1996 BDI) WANG, Junxia (1996 CHN) SZABO, Gabriela (2000 ROU) WOLDE, Millon (2000 ETH) DEFAR, Meseret (2004 ETH) EL GUERROUJ, Hicham (2004 MAR) BEKELE, Kenenisa (2008 ETH) DIBABA, Tirunesh (2008 ETH) 5,000 m 26
50%
KOLEHMAINEN, Hannes (1912 FIN) NURMI, Paavo (1920 FIN) RITOLA, Ville (1924 FIN) NURMI, Paavo (1928 FIN) KUSOCINSKI, Janusz (1932 POL) SALMINEN, Ilmari (1936 FIN) ZATOPEK, Emil (1948 TCH) ZATOPEK, Emil (1952 TCH) KUTS, Vladimir (1956 URS) BOLOTNIKOV, Pyotr (1960 URS) MILLS, William (1964 USA) TEMU, Nabiba Naftali (1968 KEN) VIREN, Lasse (1972 FIN) VIREN, Lasse (1976 FIN) YIFTER, Miruts (1980 ETH) COVA, Alberto (1984 ITA) BONDARENKO, Olga (1988 URS) BOUTAYEB, Moulay Brahim (1988 MAR) SKAH, Khalid (1992 MAR) TULU, Derartu (1992 ETH) GEBRSELASSIE, Haile (1996 ETH) RIBEIRO, Fernanda (1996 POR) GEBRSELASSIE, Haile (2000 ETH) TULU, Derartu (2000 ETH) BEKELE, Kenenisa (2004 ETH) XING, Huina (2004 CHN) BEKELE, Kenenisa (2008 ETH) DIBABA, Tirunesh (2008 ETH) 10,000 m 28
49%
FLACK, Edwin (1896 AUS) TYSOE, Alfred (1900 GBR) LIGHTBODY, James (1904 USA) SHEPPARD, Melvin (1908 USA) MEREDITH, James Edwin (1912 USA) HILL, Albert (1920 GBR) LOWE, Douglas Gordon (1924 GBR) LOWE, Douglas Gordon (1928 GBR) RADKE, Karoline "Lina" (1928 GER) HAMPSON, Thomas (1932 GBR) WOODRUFF, John Youie (1936 USA) WHITFIELD, Malvin Groston (1948 USA) WHITFIELD, Malvin Groston (1952 USA) COURTNEY, Thomas William (1956 USA) LISENKO-SHEVTSOVA, Lyudmila (1960 URS) SNELL, Peter (1960 NZL) PACKER, Ann Elizabeth (1964 GBR) SNELL, Peter (1964 NZL) DOUBELL, Ralph (1968 AUS) MANNING-JACKSON, Madeline (1968 USA) FALCK-JANZE, Hildegard (1972 FRG) WOTTLE, David James (1972 USA) JUANTORENA, Alberto (1976 CUB) KAZANKINA, Tatiana (1976 URS) OLIZARENKO, Nadezhda (1980 URS) OVETT, Steve (1980 GBR) BESLIU-MELINTE, Doina (1984 ROU) CRUZ, Joaquim (1984 BRA) ERENG, Paul (1988 KEN) WODARS, Sigrun (1988 GDR) TANUI, William (1992 KEN) VAN LANGEN, Ellen (1992 NED) MASTERKOVA, Svetlana (1996 RUS) RODAL, Vebjorn (1996 NOR) MUTOLA, Maria (2000 MOZ) SCHUMANN, Nils (2000 GER) BORZAKOVSKIY, Yuriy (2004 RUS) HOLMES, Kelly (2004 GBR) BUNGEI, Wilfred (2008 KEN) JELIMO, Pamela (2008 KEN) 800m 40
45%
LEMMING, Eric (1908 SWE) LEMMING, Eric (1912 SWE) MYYRÄ, Jonni (1920 FIN) MYYRÄ, Jonni (1924 FIN) LUNDQVIST, Erik H. (1928 SWE) DIDRIKSON, Mildred (1932 USA) JARVINEN, Matti Henrik (1932 FIN) FLEISCHER, Mathilde (Tilly) (1936 GER) STÖCK, Gerhard (Gerd) (1936 GER) BAUMA, Hermine (Herma) (1948 AUT) RAUTAVAARA, Kaj Tapio (1948 FIN) INGROVA-ZATOPKOVA, Dana (1952 TCH) YOUNG, Cyrus C. Jr. (1952 USA) DANIELSEN, Egil (1956 NOR) YAUNZEME, Inese (1956 URS) OZOLINA, Elvira (1960 URS) TSYBULENKO, Viktor (1960 URS) NEVALA, Pauli Lauri (1964 FIN) PENES, Mihaela (1964 ROU) LUSIS, Yanis (1968 URS) NEMETH-RANKY, Angela (1968 HUN) FUCHS, Ruth (1972 GDR) WOLFERMANN, Klaus (1972 FRG) FUCHS, Ruth (1976 GDR) NEMETH, Miklos (1976 HUN) COLON, Maria (1980 CUB) KULA, Dainis (1980 URS) HARKONEN, Arto (1984 FIN) SANDERSON, Teresa (1984 GBR) FELKE-MEIER, Petra (1988 GDR) KORJUS, Tapio (1988 FIN) RENK, Silke (1992 GER) ZELEZNY, Jan (1992 TCH) RANTANEN, Heli Orvokki (1996 FIN) ZELEZNY, Jan (1996 CZE) HATTESTAD, Trine (2000 NOR) ZELEZNY, Jan (2000 CZE) MENENDEZ, Osleidys (2004 CUB) THORKILDSEN, Andreas (2004 NOR) SPOTAKOVA, Barbora (2008 CZE) THORKILDSEN, Andreas (2008 NOR) Javelin Throw 41
44%
GREEN, Thomas William (1932 GBR) WHITLOCK, Hector Harold (1936 GBR) LJUNGGREN, John Artur (1948 SWE) DORDONI, Giuseppe (1952 ITA) READ, Norman Richard (1956 NZL) THOMPSON, Donald James (1960 GBR) PAMICH, Abdon (1964 ITA) HÖHNE, Christoph (1968 GDR) KANNENBERG, Bernd (1972 FRG) GAUDER, Hartwig (1980 GDR) GONZALEZ, Raul (1984 MEX) IVANENKO, Vyacheslav (1988 URS) PERLOV, Andrey (1992 EUN) KORZENIOWSKI, Robert (1996 POL) KORZENIOWSKI, Robert (2000 POL) KORZENIOWSKI, Robert (2004 POL) SCHWAZER, Alex (2008 ITA) 50 Km Walk 17
34%
GARRETT, Robert (1896 USA) BAUER, Rudolf (1900 HUN) SHERIDAN, Martin (1904 USA) SHERIDAN, Martin (1908 USA) TAIPALE, Armas Rudolf (1912 FIN) NIKLANDER, Elmer Konstantin (1920 FIN) HOUSER, Lemuel Clarence (1924 USA) HOUSER, Lemuel Clarence (1928 USA) KONOPACKA, Halina (1928 POL) ANDERSON, John Franklin (1932 USA) COPELAND, Lillian (1932 USA) CARPENTER, William Kenneth (1936 USA) MAUERMAYER, Gisela (1936 GER) CONSOLINI, Adolfo (1948 ITA) OSTERMEYER, Micheline (1948 FRA) INESS, Simeon Garland (1952 USA) ROMASHKOVA-PONOMAREVA, Nina (1952 URS) FIKOTOVA-CONNOLLY, Olga (1956 TCH) OERTER, Alfred (1956 USA) OERTER, Alfred (1960 USA) ROMASHKOVA-PONOMAREVA, Nina (1960 URS) OERTER, Alfred (1964 USA) PRESS, Tamara (1964 URS) MANOLIU, Lia (1968 ROU) OERTER, Alfred (1968 USA) DANEK, Ludvik (1972 TCH) MELNIK, Faina (1972 URS) SCHLAAK-JAHL, Evelin (1976 GDR) WILKINS, Malcolm Maurice (1976 USA) RASHCHUPKIN, Viktor (1980 URS) SCHLAAK-JAHL, Evelin (1980 GDR) DANNEBERG, Rolf (1984 FRG) STALMAN, Ria G. (1984 NED) HELLMANN, Martina (1988 GDR) SCHULT, Jürgen (1988 GDR) MARTEN, Maritza (1992 CUB) UBARTAS, Romas (1992 LTU) RIEDEL, Lars (1996 GER) WYLUDDA, Ilke (1996 GER) ALEKNA, Virgilijus (2000 LTU) ZVEREVA, Ellina (2000 BLR) ALEKNA, Virgilijus (2004 LTU) SADOVA, Natalya (2004 RUS) BROWN TRAFTON, Stephanie (2008 USA) KANTER, Gerd (2008 EST) Discus Throw 45
31%
LOUIS, Spyridon (1896 GRE) THEATO, Michel (1900 FRA) HICKS, Thomas (1904 USA) HAYES, John Joseph (1908 USA) MCARTHUR, Kennedy Kane (1912 RSA) KOLEHMAINEN, Hannes (1920 FIN) STENROOS, Albin Oskar (1924 FIN) EL OUAFI, Boughéra Mohamed (1928 FRA) ZABALA, Juan Carlos (1932 ARG) SON, Kitei (1936 JPN) CABRERA, Delfo (1948 ARG) ZATOPEK, Emil (1952 TCH) MIMOUN, Alain (1956 FRA) BIKILA, Abebe (1960 ETH) BIKILA, Abebe (1964 ETH) WOLDE, Mamo (1968 ETH) SHORTER, Frank Charles (1972 USA) CIERPINSKI, Waldemar (1976 GDR) CIERPINSKI, Waldemar (1980 GDR) BENOIT, Joan (1984 USA) LOPES, Carlos (1984 POR) BORDIN, Gelindo (1988 ITA) MOTA, Rosa (1988 POR) HWANG, Young-Cho (1992 KOR) YEGOROVA, Valentina (1992 EUN) ROBA, Fatuma (1996 ETH) THUGWANE, Josia (1996 RSA) ABERA, Gezahegne (2000 ETH) TAKAHASHI, Naoko (2000 JPN) BALDINI, Stefano (2004 ITA) NOGUCHI, Mizuki (2004 JPN) TOMESCU, Constantina (2008 ROU) WANSIRU, Samuel Kamau (2008 KEN) Marathon 33
30%
ORTON, George (1900 CAN) LIGHTBODY, James (1904 USA) HODGE, Percy (1920 GBR) RITOLA, Ville (1924 FIN) LOUKOLA, Toivo Aarne (1928 FIN) ISO-HOLLO, Volmari (1932 FIN) ISO-HOLLO, Volmari (1936 FIN) SJÖSTRAND, Tore (1948 SWE) ASHENFELTER, Horace III (1952 USA) BRASHER, Christopher William (1956 GBR) KRZYSZKOWIAK, Zdzislaw (1960 POL) ROELANTS, Gaston (1964 BEL) BIWOTT, Amos Kipwabok (1968 KEN) KEINO, Kipchoge (1972 KEN) GARDERUD, Anders (1976 SWE) MALINOWSKI, Bronislaw (1980 POL) KORIR, Julius (1984 KEN) KARIUKI, Julius (1988 KEN) BIRIR, Mathew (1992 KEN) KETER, Joseph (1996 KEN) KOSGEI, Reuben (2000 KEN) KEMBOI, Ezekiel (2004 KEN) GALKINA-SAMITOVA, Gulnara (2008 RUS) KIPRUTO, Brimin Kiprop (2008 KEN) 3,000 m Steeplechase 24
23%
FLANAGAN, John Jesus (1900 USA) FLANAGAN, John Jesus (1904 USA) FLANAGAN, John Jesus (1908 USA) MCGRATH, Matthew J. (1912 USA) RYAN, Patrick (1920 USA) TOOTELL, Frederick Delmont (1924 USA) O'CALLAGHAN, Patrick (1928 IRL) O'CALLAGHAN, Patrick (1932 IRL) HEIN, Karl (1936 GER) NEMETH, Imre (1948 HUN) CSERMAK, Jozsef (1952 HUN) CONNOLLY, Harold Vincent (1956 USA) RUDENKOV, Vasili (1960 URS) KLIM, Romuald (1964 URS) ZSIVOTZKY, Gyula (1968 HUN) BONDARCHUK, Anatoli (1972 URS) SEDYKH, Yuri (1976 URS) SEDYKH, Yuri (1980 URS) TIAINEN, Juha (1984 FIN) LITVINOV, Sergei (1988 URS) ABDUVALIEV, Andrey (1992 EUN) KISS, Balazs (1996 HUN) SKOLIMOWSKA, Kamila (2000 POL) ZIOLKOWSKI, Szymon (2000 POL) KUZENKOVA, Olga (2004 RUS) MUROFUSHI, Koji (2004 JPN) KOZMUS, Primoz (2008 SLO) MIANKOVA, Aksana (2008 BLR) Hammer Throw 28
19%
EHRHARDT, Annelie (1972 GDR) SCHALLER-KLIER, Johanna (1976 GDR) KOMISOVA, Vera (1980 URS) FITZGERALD-BROWN, Benita (1984 USA) DONKOVA, Yordanka (1988 BUL) PATOULIDOU, Paraskevi Voula (1992 GRE) ENGQUIST, Ludmila (1996 SWE) SHISHIGINA, Olga (2000 KAZ) HAYES, Joanna (2004 USA) HARPER, Dawn (2008 USA) 100m Hurdles 10
16%
SPIRIN, Leonid (1956 URS) GOLUBNICHY, Vladimir (1960 URS) MATTHEWS, Kenneth Joseph (1964 GBR) GOLUBNICHY, Vladimir (1968 URS) FRENKEL, Peter (1972 GDR) BAUTISTA ROCHA, Daniel (1976 MEX) DAMILANO, Maurizio (1980 ITA) CANTO GUDINO, Ernesto (1984 MEX) PRIBILINEC, Jozef (1988 TCH) PLAZA MONTERO, Daniel (1992 ESP) PEREZ, Jefferson (1996 ECU) KORZENIOWSKI, Robert (2000 POL) BRUGNETTI, Ivano (2004 ITA) BORCHIN, Valeriy (2008 RUS) 20 Km Walk 14
13%
WANG, Liping (2000 CHN) TSOUMELEKA, Athanasia (2004 GRE) KANISKINA, Olga (2008 RUS) 20 Km Race Walk 3
4%
No matching quizzes found
Score Distribution
Percent of People with Each Score
Percentile by Number Answered
Your Score History
You have not taken this quiz